| 000 | 00464nam a22001697a 4500 | ||
|---|---|---|---|
| 003 | OSt | ||
| 005 | 20211118180744.0 | ||
| 008 | 211118b |||||||| |||| 00| 0 eng d | ||
| 020 | _a978-0-7020-2798-7 | ||
| 040 |
_aDDC _cHU |
||
| 082 |
_222 _a616.075 _b8 |
||
| 100 |
_aSWASH MICHAEL _919004 |
||
| 245 | _aHUTCHISONS CLINICAL METHODS An integrated approach to Clinical Practice | ||
| 250 | _a22 | ||
| 260 |
_aSYDNEY _bSAUNDERS ELSEVIER _c2007 |
||
| 942 |
_2ddc _cBOOKS _n0 |
||
| 999 |
_c19144 _d19144 |
||